00401nam a2200169Ia 4500008004100000020001800041050001400059100002100073245001500094245002400109260001500133260002500148260000900173300001400182300002500196300001000221180207s9999 xx 000 0 und d a9781596434295 bH716 2009 aHogrogian, Nonny aCool cat / cby Nonny Hogrogian. aNew York : bRoaring Brook Press, c2009 aunpaged : bcolor illustration ; c20cm.